[Event "NOR-chT Clubs"]
[Site "Drammen"]
[Date "2010.10.09"]
[Round "3.81"]
[White "Haug, Johannes"]
[Black "Meyer, Michael A"]
[Result "1-0"]
[WhiteElo "1505"]
[BlackElo "1313"]
[PlyCount "41"]
[EventDate "2010.10.08"]
[EventType "team"]
[EventRounds "6"]
[EventCountry "NOR"]
[SourceTitle "EXT 2015"]
[Source "ChessBase"]
[SourceDate "2014.11.20"]
[SourceVersion "1"]
[SourceVersionDate "2014.11.20"]
[SourceQuality "1"]
[WhiteTeam "Nordstrand III"]
[BlackTeam "Fredriksstad"]
[WhiteTeamCountry "NOR"]
[BlackTeamCountry "NOR"]

1. e4 c5 2. c3 g6 3. d4 cxd4 4. cxd4 d5 5. exd5 Nf6 6. Bb5+ Bd7 7. Bc4 Bg7 8. Nc3 0-0 9. Nf3 Bg4 10. 0-0 Nbd7 11. h3 Nb6 12. Bb3 Bc8 13. Qe2 Re8 14. Bg5 Nbxd5 15. Ne5 Nxc3 16. Bxf7+ Kf8 17. bxc3 Nd7 18. Qf3 Bf6 19. Bh6+ Bg7 20. Nxd7+ Qxd7 21. Be6# 1-0